[Event "POL-chT U20"]
[Site "Chotowa"]
[Date "2025.06.15"]
[Round "2.17"]
[White "Smietanska, Wiktoria"]
[Black "Slusarczyk, Anna"]
[Result "1-0"]
[WhiteElo "2238"]
[BlackElo "1947"]
[PlyCount "97"]
[EventDate "2025.06.14"]
[EventType "team-tourn"]
[EventRounds "9"]
[EventCountry "POL"]
[SourceTitle "CB27_2025"]
[SourceDate "2025.07.02"]
[SourceVersion "1"]
[SourceVersionDate "2025.07.02"]
[SourceQuality "1"]
[WhiteTeam "Wroclaw Polonia Votum"]
[BlackTeam "Warszawa Czternastka"]
[WhiteTeamCountry "POL"]
[BlackTeamCountry "POL"]

1. e4 c6 2. d4 d5 3. Nd2 dxe4 4. Nxe4 Nd7 5. Nf3 Ngf6 6. Nxf6+ Nxf6 7. Bc4 e6 8. 0-0 h6 9. Bf4 Be7 10. a4 0-0 11. c3 a5 12. Qe2 Nd5 13. Bg3 Bd7 14. Ne5 Be8 15. Bd3 Nc7 16. Nc4 Nd5 17. Ne5 Nc7 18. Bc2 b5 19. Qf3 Nd5 20. Qd3 f5 21. h3 Qb6 22. Rfe1 Rd8 23. axb5 cxb5 24. Re2 a4 25. Rae1 Rc8 26. Nf3 Bf7 27. Bb1 Bd6 28. Bxd6 Qxd6 29. Qxb5 a3 30. Ne5 axb2 31. Nxf7 Kxf7 32. Qxb2 Nf4 33. Re5 Qc6 34. d5 exd5 35. Rxf5+ Kg8 36. Qc2 g6 37. Rxf8+ Rxf8 38. Ba2 Kh8 39. Qd2 Qf6 40. Kh2 g5 41. Re3 Rd8 42. g3 d4 43. cxd4 Rxd4 44. Re8+ Kh7 45. Qc2+ Rd3 46. Bc4 Qf5 47. Bxd3 Nxd3 48. Qc7+ Kg6 49. Rg8+ 1-0

[Event "POL-chT Ekstraliga"]
[Site "Chotowa"]
[Date "2025.06.05"]
[Round "4.6"]
[White "Smietanska, Wiktoria"]
[Black "Rakhmangulova, Anastasiya"]
[Result "0-1"]
[WhiteElo "2238"]
[BlackElo "2281"]
[PlyCount "90"]
[EventDate "2025.06.02"]
[EventType "team-tourn"]
[EventRounds "9"]
[EventCountry "POL"]
[SourceTitle "CB24_2025"]
[SourceDate "2025.06.11"]
[SourceVersion "1"]
[SourceVersionDate "2025.06.11"]
[SourceQuality "1"]
[WhiteTeam "Wroclaw Polonia"]
[BlackTeam "Plock Hetman"]
[WhiteTeamCountry "POL"]
[BlackTeamCountry "POL"]

1. e4 c5 2. Nf3 e6 3. d4 cxd4 4. Nxd4 Nf6 5. Nc3 Nc6 6. Ndb5 d6 7. Bf4 e5 8. Bg5 a6 9. Na3 b5 10. Nd5 Be7 11. Bxf6 Bxf6 12. c4 b4 13. Nc2 Rb8 14. b3 0-0 15. g3 g6 16. Bg2 Bg7 17. 0-0 Be6 18. Qd2 a5 19. Rad1 Bxd5 20. cxd5 Na7 21. Rc1 Nb5 22. Ne3 f5 23. Nc4 f4 24. f3 h5 25. Bh3 fxg3 26. hxg3 Kh7 27. Qd3 Qg5 28. Kg2 Rf7 29. Rc2 Qd8 30. Rfc1 Bh6 31. Rh1 a4 32. bxa4 Nd4 33. Rf2 b3 34. Be6 Rf8 35. axb3 Rxb3 36. Qd1 Rc3 37. Qf1 Qc7 38. Nb2 Be3 39. Nd1 Bxf2 40. Nxc3 Rxf3 41. Ne2 Qc2 42. Nxd4 Rxg3+ 43. Kh2 exd4 44. Bh3 Qd2 45. a5 Qf4 0-1

[Event "EU-ch 25th"]
[Site "Eforie Nord"]
[Date "2025.03.24"]
[Round "9"]
[White "Smietanska, Wiktoria"]
[Black "Ciobanu, Aurelian"]
[Result "1-0"]
[WhiteElo "2254"]
[BlackElo "2031"]
[PlyCount "69"]
[EventDate "2025.03.15"]
[EventType "swiss"]
[EventRounds "11"]
[EventCountry "ROU"]
[SourceTitle "CB13_2025"]
[SourceDate "2025.03.26"]
[SourceVersion "1"]
[SourceVersionDate "2025.03.26"]
[SourceQuality "1"]

1. d4 d6 2. e4 g6 3. Nc3 Bg7 4. f4 a6 5. Be2 b5 6. e5 Bb7 7. Bf3 Bxf3 8. Qxf3 Nd7 9. Nh3 e6 10. 0-0 d5 11. f5 gxf5 12. Bg5 Qb8 13. Nxd5 c6 14. Ne3 Qb6 15. Rad1 h6 16. Bh4 Ne7 17. g4 Ng6 18. Bg3 0-0-0 19. gxf5 exf5 20. Kh1 Rhe8 21. Nxf5 Bf8 22. Nf2 f6 23. Ne4 fxe5 24. Ned6+ Kb8 25. Nxe8 Rxe8 26. dxe5 Ndxe5 27. Qe4 Ka8 28. Nh4 Nxh4 29. Bxh4 Bg7 30. Rf7 Bh8 31. Bf2 Qa5 32. Ra7+ Kb8 33. Qh7 Nd7 34. Qxd7 Re1+ 35. Rxe1 1-0

[Event "EU-ch 25th"]
[Site "Eforie Nord"]
[Date "2025.03.15"]
[Round "1"]
[White "Smietanska, Wiktoria"]
[Black "Kourkoulos Arditis, Stamatis"]
[Result "0-1"]
[WhiteElo "2254"]
[BlackElo "2580"]
[PlyCount "154"]
[EventDate "2025.03.15"]
[EventType "swiss"]
[EventRounds "11"]
[EventCountry "ROU"]
[SourceTitle "CB13_2025"]
[SourceDate "2025.03.26"]
[SourceVersion "1"]
[SourceVersionDate "2025.03.26"]
[SourceQuality "1"]

1. c4 e6 2. Nc3 d5 3. d4 a6 4. cxd5 exd5 5. Nf3 Nf6 6. Bg5 Be6 7. e3 Nbd7 8. Bd3 c6 9. 0-0 Bd6 10. Qc2 Qc7 11. e4 dxe4 12. Nxe4 Nxe4 13. Bxe4 h6 14. Bd2 0-0 15. h3 Nf6 16. Bd3 Bd5 17. Nh4 Rfe8 18. Nf5 Bh2+ 19. Kh1 Bf4 20. Rfe1 g6 21. Ne7+ Kf8 22. Nxd5 Nxd5 23. Be4 Bxd2 24. Qxd2 Qf4 25. Qc2 Nf6 26. Qc5+ Kg7 27. Bf3 Qd2 28. Rf1 Rad8 29. Qb6 Rd7 30. Rad1 Qf4 31. Kg1 h5 32. Rd3 g5 33. Rfd1 g4 34. g3 Qf5 35. hxg4 hxg4 36. Bg2 Re2 37. d5 cxd5 38. Qd4 Rc7 39. Bf1 Re4 40. Qb6 Rc2 41. R3d2 Re1 42. Rxe1 Rxd2 43. Bg2 d4 44. Rf1 Qb5 45. Qxb5 axb5 46. Bxb7 Rxb2 47. Rd1 Rxa2 48. Rxd4 Ra4 49. Rd1 Rb4 50. Bc8 Kg6 51. Re1 Rd4 52. Re5 b4 53. Rb5 Ne8 54. Rb6+ f6 55. Kg2 Nd6 56. Be6 f5 57. Kf1 Kg7 58. Rb8 Kf6 59. Bg8 Ne4 60. Rb6+ Kg7 61. Be6 Nd6 62. Rb8 Kf6 63. Bg8 Ne4 64. Rb6+ Ke7 65. Rb5 Nd6 66. Rb8 Kd7 67. Ke2 Kc6 68. Ke3 Kc5 69. f3 f4+ 70. gxf4 Nf5+ 71. Ke2 g3 72. Be6 Ne7 73. Rb7 g2 74. Kf2 Rd2+ 75. Kg1 Ng6 76. Rg7 Nxf4 77. Bg4 Rd1+ 0-1

[Event "Wch U20 Girls 41st"]
[Site "Petrovac"]
[Date "2025.03.05"]
[Round "9"]
[White "Smietanska, Wiktoria"]
[Black "Khuslen, Erdenebayar"]
[Result "1-0"]
[WhiteElo "2170"]
[BlackElo "2201"]
[PlyCount "106"]
[EventDate "2025.02.25"]
[EventType "swiss"]
[EventRounds "11"]
[EventCountry "MNE"]
[SourceTitle "CB11_2025"]
[SourceDate "2025.03.12"]
[SourceVersion "1"]
[SourceVersionDate "2025.03.12"]
[SourceQuality "1"]

1. e4 c5 2. Nf3 e6 3. d4 cxd4 4. Nxd4 Nc6 5. Nc3 a6 6. Nxc6 bxc6 7. Bd3 d5 8. 0-0 Nf6 9. Qf3 Be7 10. e5 Nd7 11. Qg3 g6 12. Bh6 Qb6 13. Na4 Qd4 14. b3 Qh4 15. Qxh4 Bxh4 16. Rfe1 c5 17. c4 d4 18. b4 cxb4 19. Be4 Ra7 20. c5 f5 21. exf6 Bxf6 22. Rac1 Kf7 23. c6 Ne5 24. Bd2 a5 25. Rc5 g5 26. Rec1 Ke7 27. Rxa5 Rxa5 28. Bxb4+ Kf7 29. Bxa5 Ba6 30. Nb6 Ng6 31. c7 Ne7 32. Nd7 Nc8 33. Nc5 Be2 34. Bb7 Be7 35. f3 d3 36. Kf2 Bf6 37. Bc3 e5 38. Ne4 Ke6 39. Bd2 Be7 40. Nxg5+ Bxg5 41. Bxg5 Rf8 42. Ke3 Kd7 43. Bd8 Na7 44. a4 Rf4 45. Bg5 Rf8 46. a5 h5 47. a6 Rg8 48. h4 d2 49. Kxd2 Bb5 50. g4 e4 51. Bxe4 Bxa6 52. Bf5+ Kd6 53. Ra1 Kd5 1-0

[Event "Wch U20 Girls 41st"]
[Site "Petrovac"]
[Date "2025.02.25"]
[Round "1"]
[White "Smietanska, Wiktoria"]
[Black "Djendjinovic, Ines"]
[Result "1-0"]
[WhiteElo "2170"]
[BlackElo "1841"]
[PlyCount "51"]
[EventDate "2025.02.25"]
[EventType "swiss"]
[EventRounds "11"]
[EventCountry "MNE"]
[SourceTitle "CB11_2025"]
[SourceDate "2025.03.12"]
[SourceVersion "1"]
[SourceVersionDate "2025.03.12"]
[SourceQuality "1"]

1. e4 c5 2. Nf3 d6 3. d4 cxd4 4. Nxd4 Nf6 5. Nc3 a6 6. h3 e6 7. g4 Be7 8. Bg2 Qc7 9. Be3 h6 10. Qe2 Nc6 11. 0-0-0 Bd7 12. f4 b5 13. e5 dxe5 14. fxe5 Nh7 15. h4 Nxd4 16. Bxd4 Bc6 17. Bxc6+ Qxc6 18. Ne4 Rc8 19. g5 Qc4 20. Qxc4 Rxc4 21. gxh6 gxh6 22. Rhg1 Rc6 23. Nd6+ Kf8 24. Be3 Bxd6 25. exd6 Nf6 26. Bd4 1-0

[Event "Gora Sw Anny 14th"]
[Site "Gora Sw Anny"]
[Date "2025.02.09"]
[Round "9"]
[White "Golubka, Petr"]
[Black "Smietanska, Wiktoria"]
[Result "1-0"]
[WhiteElo "2361"]
[BlackElo "2170"]
[PlyCount "111"]
[EventDate "2025.02.03"]
[EventType "tourn"]
[EventRounds "9"]
[EventCountry "POL"]
[EventCategory "1"]
[SourceTitle "CB07_2025"]
[SourceDate "2025.02.12"]
[SourceVersion "1"]
[SourceVersionDate "2025.02.12"]
[SourceQuality "1"]

1. d4 d5 2. c4 e6 3. Nf3 Nf6 4. g3 Bb4+ 5. Bd2 Be7 6. Bg2 0-0 7. 0-0 c6 8. Qc2 Nbd7 9. Rd1 b6 10. b3 a5 11. Bc3 Ba6 12. Nbd2 b5 13. e4 dxe4 14. Ng5 Qc7 15. Ngxe4 Rac8 16. Rab1 Nxe4 17. Bxe4 Nf6 18. Bg2 Rfd8 19. a4 b4 20. Bb2 Bb7 21. Nf3 c5 22. Ne1 Bxg2 23. Nxg2 cxd4 24. Bxd4 Nd7 25. Ne3 Bc5 26. Bb2 Bd6 27. Ng2 Be5 28. Bc1 Bc3 29. Bg5 f6 30. Bf4 e5 31. Be3 Nf8 32. Nh4 Ne6 33. Rxd8+ Rxd8 34. Rd1 Bd4 35. Nf3 Bxe3 36. fxe3 Nc5 37. Rd5 Rd7 38. e4 Kf7 39. Kf2 Qb6 40. Kg2 Ke7 41. Nd2 Ne6 42. Qd3 Qc6 43. h4 Qc7 44. Qe3 Qd8 45. Nf3 Qc8 46. Rxa5 Qc7 47. Rd5 Rxd5 48. exd5 Nc5 49. Nd4 Kf7 50. Nc6 Qd6 51. a5 e4 52. Qf4 Qxf4 53. gxf4 Nxb3 54. a6 e3 55. Nxb4 Nd2 56. a7 1-0

[Event "Gora Sw Anny 14th"]
[Site "Gora Sw Anny"]
[Date "2025.02.07"]
[Round "7"]
[White "Lewtak, Damian"]
[Black "Smietanska, Wiktoria"]
[Result "1/2-1/2"]
[WhiteElo "2373"]
[BlackElo "2170"]
[PlyCount "51"]
[EventDate "2025.02.03"]
[EventType "tourn"]
[EventRounds "9"]
[EventCountry "POL"]
[EventCategory "1"]
[SourceTitle "CB07_2025"]
[SourceDate "2025.02.12"]
[SourceVersion "1"]
[SourceVersionDate "2025.02.12"]
[SourceQuality "1"]

1. a3 d5 2. Nf3 Bg4 3. e3 Nd7 4. h3 Bh5 5. d4 Ngf6 6. c4 c6 7. cxd5 cxd5 8. Qb3 Qb6 9. Qxb6 Nxb6 10. Nc3 a6 11. Ne5 e6 12. g4 Bg6 13. Nxg6 hxg6 14. f3 Bd6 15. b3 Rc8 16. Kd2 Nbd7 17. Bg2 b5 18. Bb2 Nb8 19. f4 Nc6 20. Rhb1 Na5 21. Kc2 Ke7 22. Ra2 Rc7 23. Ba1 Rhc8 24. Kd3 Kd7 25. Ne2 Rh8 26. Bc3 1/2-1/2

[Event "Marianske Lazne IM-B1 23rd"]
[Site "Marianske Lazne"]
[Date "2025.01.25"]
[Round "9"]
[White "Smietanska, Wiktoria"]
[Black "Xu, Yang1"]
[Result "1-0"]
[WhiteElo "2157"]
[BlackElo "2238"]
[PlyCount "81"]
[EventDate "2025.01.18"]
[EventType "tourn"]
[EventRounds "9"]
[EventCountry "CZE"]
[SourceTitle "CB05_2025"]
[SourceDate "2025.01.29"]
[SourceVersion "1"]
[SourceVersionDate "2025.01.29"]
[SourceQuality "1"]

1. e4 c6 2. d4 d5 3. Nd2 dxe4 4. Nxe4 Nf6 5. Nxf6+ exf6 6. c3 Bf5 7. Ne2 Bd6 8. Ng3 Bxg3 9. hxg3 Qd5 10. Qe2+ Qe6 11. Qxe6+ fxe6 12. f3 Nd7 13. g4 Bg6 14. Bc4 e5 15. Be3 exd4 16. Bxd4 b5 17. Be6 Ne5 18. Bxe5 fxe5 19. 0-0-0 Rd8 20. Rde1 Ke7 21. Rxe5 Rd6 22. Rhe1 Rhd8 23. Bf5+ Kf8 24. Bxg6 hxg6 25. Re7 a5 26. R7e6 Rd2 27. Re8+ Rxe8 28. Rxe8+ Kxe8 29. Kxd2 Ke7 30. Ke3 g5 31. Ke4 Ke6 32. g3 a4 33. c4 Kd6 34. cxb5 cxb5 35. Kd4 Kc6 36. b4 Kd6 37. a3 Kc6 38. Ke5 Kb6 39. Kd6 Kb7 40. Kc5 Ka6 41. Kc6 1-0

[Event "Marianske Lazne IM-B1 23rd"]
[Site "Marianske Lazne"]
[Date "2025.01.19"]
[Round "2"]
[White "Smietanska, Wiktoria"]
[Black "Garsky, Vladyslav"]
[Result "1/2-1/2"]
[WhiteElo "2157"]
[BlackElo "2163"]
[PlyCount "109"]
[EventDate "2025.01.18"]
[EventType "tourn"]
[EventRounds "9"]
[EventCountry "CZE"]
[SourceTitle "CB05_2025"]
[SourceDate "2025.01.29"]
[SourceVersion "1"]
[SourceVersionDate "2025.01.29"]
[SourceQuality "1"]

1. e4 e6 2. d4 d5 3. Nd2 h6 4. Bd3 c5 5. dxc5 Bxc5 6. exd5 Qxd5 7. Ne4 Be7 8. Nf3 Nf6 9. Qe2 Nbd7 10. 0-0 0-0 11. Rd1 Qa5 12. a3 Qc7 13. c4 b6 14. Nc3 a6 15. Nd4 Bb7 16. Re1 Bd6 17. h3 Ne5 18. Be3 Nxd3 19. Qxd3 Rfd8 20. Qe2 Rac8 21. Nf3 Nd7 22. Red1 Bxf3 23. Qxf3 Ne5 24. Qe2 Nxc4 25. Bd4 e5 26. Nd5 Qc6 27. Bc3 Bf8 28. Qe4 Qe6 29. Ne3 Nxe3 30. Qxe3 f6 31. Qe4 Qb3 32. Re1 Bc5 33. Rac1 Bxa3 34. Bxe5 Rxc1 35. Rxc1 Bxb2 36. Bxb2 Qxb2 37. Rb1 Qd4 38. Qxd4 Rxd4 39. Rxb6 a5 40. Ra6 a4 41. g3 Rb4 42. h4 h5 43. Ra5 Kf7 44. Ra7+ Ke6 45. Rxg7 Kd5 46. Kg2 Kc4 47. g4 Kb3 48. gxh5 Rxh4 49. Rb7+ Ka2 50. Rb5 a3 51. Kg3 Rh1 52. Kg2 Rh4 53. Kg3 Rh1 54. Kg2 Rh4 55. Kg3 1/2-1/2

[Event "Titled Tuesday intern op 14th Jan Early"]
[Site "Chess.com INT"]
[Date "2025.01.14"]
[Round "10"]
[White "Smietanska, Wiktoria"]
[Black "Barredo, Ruther"]
[Result "1-0"]
[WhiteElo "2157"]
[BlackElo "1816"]
[PlyCount "59"]
[EventDate "2025.01.14"]
[EventType "swiss (blitz)"]
[EventRounds "11"]
[EventCountry "USA"]
[SourceTitle "CB04_2025"]
[SourceDate "2025.01.22"]
[SourceVersion "1"]
[SourceVersionDate "2025.01.22"]
[SourceQuality "1"]

1. c4 Nf6 2. Nc3 g6 3. g3 Bg7 4. Bg2 0-0 5. e4 d6 6. Nge2 c5 7. 0-0 Nc6 8. d3 Bd7 9. h3 Ne8 10. Be3 Nd4 11. Rb1 Bc6 12. b4 b6 13. f4 e6 14. Bf2 Qd7 15. Nxd4 Bxd4 16. Bxd4 cxd4 17. Ne2 e5 18. f5 f6 19. h4 Nc7 20. b5 Bb7 21. Bh3 a6 22. a4 axb5 23. axb5 Ra2 24. Rf2 Qg7 25. Qb3 Rfa8 26. c5+ Qf7 27. Qxf7+ Kxf7 28. fxg6+ hxg6 29. cxd6 Ne6 30. Rbf1 1-0

[Event "Titled Tuesday intern op 14th Jan Early"]
[Site "Chess.com INT"]
[Date "2025.01.14"]
[Round "5"]
[White "Wartiovaara, Oliver"]
[Black "Smietanska, Wiktoria"]
[Result "1-0"]
[WhiteElo "2340"]
[BlackElo "2157"]
[PlyCount "81"]
[EventDate "2025.01.14"]
[EventType "swiss (blitz)"]
[EventRounds "11"]
[EventCountry "USA"]
[SourceTitle "CB04_2025"]
[SourceDate "2025.01.22"]
[SourceVersion "1"]
[SourceVersionDate "2025.01.22"]
[SourceQuality "1"]

1. Nf3 d5 2. e3 Nf6 3. c4 c6 4. Nc3 Bf5 5. cxd5 cxd5 6. Qb3 e6 7. Qxb7 Nbd7 8. Nd4 Bg6 9. Nc6 Qc8 10. Ba6 Nb6 11. Qxc8+ Rxc8 12. Bxc8 Nxc8 13. Ne5 Bf5 14. 0-0 Bd6 15. d4 0-0 16. b3 Nb6 17. Bb2 Rb8 18. Nb5 Bxe5 19. dxe5 Nfd7 20. Rac1 Bd3 21. Nxa7 Bxf1 22. Kxf1 Rb7 23. Nc8 Na4 24. Ba3 Nab6 25. Nxb6 Nxb6 26. Bd6 g6 27. Rc7 Rxc7 28. Bxc7 Nd7 29. Bd6 Kg7 30. Ke2 f6 31. f4 fxe5 32. fxe5 Kf7 33. a4 Ke8 34. a5 Kd8 35. a6 Kc8 36. b4 Nb6 37. b5 Nc4 38. Bc5 Nxe5 39. b6 Kb8 40. Bd6+ Ka8 41. Bxe5 1-0

[Event "Titled Tuesday intern op 07th Jan Early"]
[Site "Chess.com INT"]
[Date "2025.01.07"]
[Round "11"]
[White "Eames, Robert"]
[Black "Smietanska, Wiktoria"]
[Result "0-1"]
[WhiteElo "2151"]
[BlackElo "2157"]
[PlyCount "128"]
[EventDate "2025.01.07"]
[EventType "swiss (blitz)"]
[EventRounds "11"]
[EventCountry "USA"]
[SourceTitle "CB03_2025"]
[SourceDate "2025.01.15"]
[SourceVersion "1"]
[SourceVersionDate "2025.01.15"]
[SourceQuality "1"]

1. e4 c5 2. Nf3 d6 3. d4 cxd4 4. Nxd4 Nf6 5. Nc3 a6 6. h3 e5 7. Nf3 Be7 8. g4 Be6 9. g5 Nfd7 10. Be3 Nc6 11. Nd5 Bxd5 12. exd5 Ncb8 13. h4 b5 14. a4 b4 15. a5 Nc5 16. Qd2 Nbd7 17. Qxb4 Qc7 18. Bh3 Rb8 19. Qa3 0-0 20. 0-0 e4 21. Nd4 Ne5 22. Kg2 g6 23. b4 Ncd7 24. Qa4 Qc4 25. Bxd7 Rxb4 26. Qa2 Nxd7 27. Qxc4 Rxc4 28. Nc6 Bd8 29. Rfb1 Nc5 30. Bxc5 Rxc5 31. Rd1 Kg7 32. Rab1 Bxa5 33. Rb7 Bc3 34. Rdb1 Rxd5 35. Rd7 Be5 36. Ne7 Rc5 37. Rbb7 Rxc2 38. Kf1 Bd4 39. Nd5 Rxf2+ 40. Ke1 Rf5 41. Ne7 Re5 42. Nc6 Rd5 43. Nxd4 Rxd4 44. Re7 d5 45. h5 gxh5 46. Ra7 Rd3 47. Rxa6 e3 48. Rd6 d4 49. Re4 Rc8 50. Rexd4 Rxd4 51. Rxd4 Rc3 52. Ke2 Kg6 53. Rd5 h6 54. gxh6 Kxh6 55. Kf3 Kg6 56. Rd6+ Kg5 57. Rd7 f5 58. Rg7+ Kh4 59. Rf7 Kh3 60. Rxf5 h4 61. Rh5 Ra3 62. Re5 Kh2 63. Rxe3 Rxe3+ 64. Kxe3 Kg2 0-1